000 00369nam a2200145Ia 4500
008 220204s9999 xx 000 0 und d
082 _a632.95.024
_bMAT
245 0 _aEnvironmental toxicology of pesticides
260 _aNew York
_bAcademic
_c1972
650 _aFungicides
650 _aPesticides
650 _aToxicology
700 _aMATSUMURA, Fumio
942 _cBK
999 _c26732
_d26732